| 000 | 00607nam a22001937a 4500 | ||
|---|---|---|---|
| 005 | 20240406122153.0 | ||
| 008 | 240406b ||||| |||| 00| 0 eng d | ||
| 020 | _a9789386858658 | ||
| 040 | _cAIMIT LIBRARY | ||
| 082 |
_2658.314 _bJOSG |
||
| 100 |
_aJoshi, Gowri. _9159273 |
||
| 245 |
_aTalent Management / _cBy Gowri Joshi and Veena Vohra. |
||
| 260 |
_aNoida : _bSaurabh Printers Pvt. Ltd , _c2018. |
||
| 300 |
_axiii,345. _b24cm. |
||
| 650 |
_aTalent Acquisition. _9159274 |
||
| 650 |
_aMetering for Management Talent. _9159275 |
||
| 700 |
_aVihra, Veena. _9159276 |
||
| 942 |
_2ddc _cBK _k658.314 JOSG |
||
| 999 |
_c230688 _d230688 |
||